Пропуск в контексте

НИР. Экономика фирмы, 2019, № 4 (29) Журнал

Сохранить в:
Bibliografiske detaljer
Format: Журнал
Online adgang:https://znanium.com/catalog/document?id=352962
https://znanium.com/cover/1002/1002520.jpg
Tags: Tilføj Tag
Ingen Tags, Vær først til at tagge denne postø!
LEADER 01177nam0a2200229 i 4500
001 RU\infra-m\znanium\bibl\1002520
003 https://znanium.com/catalog/document?id=352962
005 20250131000000.0
100 |a 20250131d2019 m y0rusy0150 ca 
101 0 |a rus 
102 |a RU 
200 1 |a НИР. Экономика фирмы, 2019, № 4 (29)  |e Журнал 
210 1 |a Москва  |c ООО "Научно-издательский центр ИНФРА-М"  |d 2019 
215 |a 60 с. 
333 |a Дополнительное профессиональное образование 
606 |a Экономика. Бухгалтерский учет. Финансы  |x Экономика предприятия (фирмы)  |2 local 
608 |a Журнал  |2 local 
675 |a 334  |z rus 
686 |a 6529  |2 rubbk 
801 0 |a RU  |b Общество с ограниченной ответственностью «ЗНАНИУМ»  |c 20180926  |2 rusmarc 
856 4 |a znanium.com  |m ebs_support@infra-m.ru  |n НИЦ ИНФРА-М  |u https://znanium.com/catalog/document?id=352962 
856 4 1 |a znanium.com  |d /cover/1002  |f 1002520.jpg  |q image/jpeg  |u https://znanium.com/cover/1002/1002520.jpg